Missing Word: Brians Quiz Stats

 Plays Quiz Updated Jan 17, 2018

Challenge
Share
Tweet
Embed
Score 0/20 Timer 03:00
1 Play Today
Hint Answer % Correct
Brian Wilson
Songwriter\Singer: Songs
Good
96.4%
Bryan Adams
Singer: Songs
Do
94.6%
Bryan Adams
Singer: Songs
Summer
93.6%
Brian Wilson
Songwriter\Singer: Songs
Knows
93.4%
Brian Cox
Actor: Movies
Bourne
92.5%
Brian De Palma
Director: Movies
Kill
91.7%
Bryan Adams
Singer: Songs
Nine
90.9%
Brian De Palma
Director: Movies
War
84.5%
Brian De Palma
Director: Movies
Way
83.9%
Brian De Palma
Director: Movies
Black
81.9%
Hint Answer % Correct
Brian Wilson
Songwriter\Singer: Songs
Girls
79.6%
Brian Wilson
Songwriter\Singer: Songs
Help
78.9%
Brian Cox
Actor: Movies
Roy
72.9%
Brian Cox
Actor: Movies
Kiss
71.5%
Bryan Adams
Singer: Songs
Cuts
71.4%
Brian Wilson
Songwriter\Singer: Songs
Little
67.9%
Brian Cox
Actor: Movies
Scissors
66.8%
Brian Cox
Actor: Movies
Super
60.5%
Bryan Adams
Singer: Songs
Run
32.3%
Brian De Palma
Director: Movies
Phantom
10.3%

Today's Daily Dose

You're not logged in!

Compare scores with friends on all Sporcle quizzes.
OR
Log In

You Might Also Like...

Show Comments

Extras

Top Quizzes Today


Score Distribution

Your Account Isn't Verified!

In order to create a playlist on Sporcle, you need to verify the email address you used during registration. Go to your Sporcle Settings to finish the process.

Report this User

Report this user for behavior that violates our Community Guidelines.

Details: